00477nam a2200133Ia 4500008004100000100001900041245003200060260006900092300001100161650001100172856006800183999001900251952007300270160712s9999 xx 000 0 und d aAngeles, Mark. cMark AngelesaBody of Crime c2015bLikhaan: The Journal of Contemporary Philippine Literature avol. 9 xPOETRY uhttp://journals.upd.edu.ph/index.php/lik/issue/view/539/showToc c297100d297100 001040aCLbCLd2016-07-12l0r2016-07-12 00:00:00w2016-07-12yFEJ